000 00325 a2200157 4500
001 176795
020 _a
040 _cMagnum
100 _aRametta, Jose
240 1 0 _aVoo cego
_lpor
245 1 0 _aVoo cego
362 0 _a1899
440 1 _aArmazém de Idéias
697 _aMAGNITO: J/SOCIEDADE, COTIDIAN
942 _cBK
999 _c176795
_d176795